A brief history of the rise, progress, and termination of the proceedings of the Synod of Kentucky, relative to the late Cumberland presbytery ...

Saved in:  
Bibliographic Details
Corporate Authors: Presbyterian Church in the U.S.A. VerfasserIn (Author) ; Princeton Theological Seminary. MitwirkendeR (Contributor)
Format: Electronic Book
Language:English
Check availability: HBZ Gateway
Interlibrary Loan:Interlibrary Loan for the Fachinformationsdienste (Specialized Information Services in Germany)
Published: Lexington, Ky. Printed by T. T. Skillman 1823
In:Year: 1823
Series/Journal:Benson collection of hymnals and hymnology
Further subjects:B Cumberland Presbyterian Church History
B Kentucky Church history
B Protestantism
B Presbyterian church in the U.S.A History (Kentucky)
Online Access: Volltext (kostenfrei)
Sammlungen:

MARC

LEADER 00000cam a22000002c 4500
001 1892896133
003 DE-627
005 20241228054915.0
007 cr uuu---uuuuu
008 240701s1823 xx |||||o 00| ||eng c
035 |a (DE-627)1892896133 
035 |a (DE-599)KXP1892896133 
035 |a (PRTC)brifri00pres 
040 |a DE-627  |b ger  |c DE-627  |e rda 
041 |a eng 
084 |a 1  |2 ssgn 
110 2 |a Presbyterian Church in the U.S.A  |b Synod of Kentucky  |e VerfasserIn  |4 aut 
245 1 2 |a A brief history of the rise, progress, and termination of the proceedings of the Synod of Kentucky, relative to the late Cumberland presbytery ... 
264 1 |a Lexington, Ky.  |b Printed by T. T. Skillman  |c 1823 
300 |a 1 Online-Ressource (29 p.) 
336 |a Text  |b txt  |2 rdacontent 
337 |a Computermedien  |b c  |2 rdamedia 
338 |a Online-Ressource  |b cr  |2 rdacarrier 
490 0 |a Benson collection of hymnals and hymnology 
601 |a Historie 
601 |a Kentucky 
601 |a Cumberland 
610 1 0 |a Cumberland Presbyterian Church  |x History 
610 1 0 |a Presbyterian church in the U.S.A  |x History  |z Kentucky 
651 0 |a Kentucky  |x Church history 
655 0 |a Protestantism 
710 2 |a Princeton Theological Seminary  |e MitwirkendeR  |4 ctb 
856 4 0 |u https://commons.ptsem.edu/id/brifri00pres  |m X:PRTC  |x Digitalisierung  |z kostenfrei  |7 0 
935 |a PRTC  |a mteo 
951 |a BO 
ELC |a 1 
LOK |0 000 xxxxxcx a22 zn 4500 
LOK |0 001 4544748402 
LOK |0 003 DE-627 
LOK |0 004 1892896133 
LOK |0 005 20240701180521 
LOK |0 008 240701||||||||||||||||ger||||||| 
LOK |0 035   |a (DE-Tue135)brifri00pres 
LOK |0 040   |a DE-Tue135  |c DE-627  |d DE-Tue135 
LOK |0 092   |o n 
LOK |0 689   |a f  |a Book 
LOK |0 852   |a DE-Tue135 
LOK |0 852 1  |9 00 
LOK |0 866   |x SPQUE#Theological Commons Princeton#SPSAM#Benson collection of hymnals and hymnology 
LOK |0 935   |a PRTC  |a behy 
LOK |0 939   |a 01-07-24  |b l01 
OAS |a 1 
ORI |a SA-MARC-ixtheoa001.raw 
SYF 0 0 |a Ky.,KY,Commonwealth of Kentucky